| 000 | 02292nam0a2200385 4500 | ||
|---|---|---|---|
| 001 | RU\NLR\BIBL_A\012895594 | ||
| 005 | 20221110133000.0 | ||
| 010 |
_a978-5-386-13790-8 _91500 |
||
| 021 |
_aRU _bКН-П-22-051297 _9КН-П-22-4456 |
||
| 035 | _a(NLR Aleph) 012895594 | ||
| 035 | _a(RuMoRGB)011166258 | ||
| 090 |
_a12564460 _c12564460 |
||
| 100 | _a20220926d2022 u y0rusy50 ca | ||
| 101 | 1 |
_arus _ceng |
|
| 102 | _aRU | ||
| 105 | _aa z 000ay | ||
| 181 | 0 |
_ai3 _baxxe |
|
| 181 | 0 |
_ai2 _baxxe |
|
| 182 | 0 | _an | |
| 200 | 1 |
_aХрабрая Беатрис и проклятье дрожунов _e[для младшего школьного возраста] _fСаймон Моклер _gперевод с английского И. Ю. Рябцовой _g[иллюстрации: Шерри Замазинг] |
|
| 203 |
_aТекст _aИзображение _bвизуальные _cнепосредственные |
||
| 210 |
_aМосква _cРИПОЛ детство _cРИПОЛ классик _d2022 |
||
| 215 |
_a238, [1] с. _cил. _d22 |
||
| 225 | 1 | _aСумка чудес | |
| 330 | _aВ далёкой-далёкой стране жили-были маленькая девочка и большой секрет. Девочку звали БЕАТРИС, а секрет... о секрете вы скоро узнаете сами. Беатрис умная и смелая, но никогда не выходила из своего замка: вдруг её съедят или она упадёт с края земли? Что это за большой секрет, который все от неё скрывают? Беатрис решает, что пришло время найти ответы. Вместе с верными друзьями, мальчиком Ойем, псом по имени Пёс и Уилфредом Умнейшим, она может всё.. | ||
| 333 | _a6+ | ||
| 686 | 0 | _aШ9(4Вл)60-4 | |
| 700 | 1 |
_7ca _8rus _aМоклер _bС. _gСаймон _9248693 _3RU\NLR\AUTH\770248749 |
|
| 702 | 1 |
_aЗамазинг _bШ. _gШерри _4040 |
|
| 942 | _cBOOK | ||
| 980 | _aNB | ||